MESTSKÁ KNIŽNICA GIRALTOVCE  - online katalóg 

Normal view MARC view

Entry Personal Name

Number of records used in: 1

001 - CONTROL NUMBER

  • control field: 3633

003 - CONTROL NUMBER IDENTIFIER

  • control field: OSt

005 - DATE AND TIME OF LATEST TRANSACTION

  • control field: 20221010082722.0

008 - FIXED-LENGTH DATA ELEMENTS

  • fixed length control field: 221010|| aca||aabn | a|a d

040 ## - CATALOGING SOURCE

  • Original cataloging agency: OSt
  • Transcribing agency: OSt

100 ## - HEADING--PERSONAL NAME

  • Personal name: Kubaň, Dušan,
  • Dates associated with a name: 1971-2022

670 ## - SOURCE DATA FOUND

  • Source citation: Work cat.: (OSt)0: Mankell, Henning, 1948-2015 1714, Kým príde mráz, 2019

Powered by Koha